Monedas de América - Estadísticas

Estadísticas generales
  • Esta prueba ha sido intentada 16 veces
  • La puntuación promedio es 15 de 30
Estadísticas de respuestas
Hint Respuesta % Correcto
Argentina Peso Argentino
86%
Colombia Peso Colombiano
86%
México Peso Mexicano
86%
Guatemala Quetzal
86%
Canadá Dolar Canadiense
64%
Paraguay Guarani
64%
Chile Peso Chileno
64%
Cuba Peso Cubano
64%
Estados Unidos Dolar Estadounidense
57%
Uruguay Peso Uruguayo
57%
Brasil Real Brasileño
57%
Bolivia Boliviano
50%
Panamá Dolar Estadounidense
50%
República Dominicana Peso Dominicano
50%
Perú Sol Peruano
50%
Venezuela Bolivar Venezolano
43%
Belice Dolar Beliceño
43%
Ecuador Dolar Estadounidense
43%
El Salvador Dolar Estadounidense
43%
Jamaica Dolar jamaiquino
43%
Nicaragua Cordoba
36%
Bahamas Dolar Bahameño
36%
Costa Rica Colon Costarricense
29%
Barbados Dolar Barbadense
29%
Guyana Dolar Guyanes
29%
Surinam Dolar Surinames
29%
Trinidad y Tobago Dolar Trinitense
29%
Haití Gourde
29%
Honduras Lempira
29%
Estados del Caribe Oriental Dolar del Caribe Oriental
21%
No se encontraron pruebas coincidentes
Distribución de puntuación
Porcentaje de gente con cada puntuación
Porcentaje por número respondido
Historial de tus puntuaciones
No has intentado esta prueba.